Normal view
MARC view
Entry Topical Term
001 - CONTROL NUMBER
- control field: 514518
003 - CONTROL NUMBER IDENTIFIER
- control field: OSt
005 - DATE AND TIME OF LATEST TRANSACTION
- control field: 20220928145734.0
008 - FIXED-LENGTH DATA ELEMENTS
- fixed length control field: 220928|| aca||aabn | a|a d
040 ## - CATALOGING SOURCE
- Original cataloging agency: OSt
- Transcribing agency: OSt
150 ## - HEADING--TOPICAL TERM
- Topical term or geographic name entry element: Literary Iconology
670 ## - SOURCE DATA FOUND
- Source citation: Work cat.: (OSt)835400: Landow George P 448415, Images of crisis , 1982
